书目信息 |
| 题名: |
城市土地定级与基准地价评估实证研究
|
|
| 作者: | 李何超 , 曹正忠 , 朱健 著 | |
| 分册: | ||
| 出版信息: | 北京 科学出版社 2009.05 |
|
| 页数: | 138页 | |
| 开本: | 26cm | |
| 丛书名: | ||
| 单 册: | ||
| 中图分类: | F293.2 | |
| 科图分类: | ||
| 主题词: | 城市土地--土地评价--研究 , 城市土地 , 土地评价 | |
| 电子资源: | ||
| ISBN: | 978-7-03-024423-9 | |
| 000 | 01126nam0 2200289 450 | |
| 001 | 010800015169 | |
| 005 | 20091208153637.67 | |
| 010 | @a978-7-03-024423-9@dCNY45.00 | |
| 100 | @a20090807d2009 em y0chiy0110 ea | |
| 101 | 0 | @achi |
| 102 | @aCN@b110000 | |
| 105 | @aafk z 000yy | |
| 106 | @ar | |
| 200 | 1 | @a城市土地定级与基准地价评估实证研究@9cheng shi tu di ding ji yu ji zhun di jia ping gu shi zheng yan jiu@f李何超,曹正忠,朱健等著 |
| 210 | @a北京@c科学出版社@d2009.05 | |
| 215 | @a138页@c图,图版(32页)@d26cm | |
| 300 | @a四川省学术和技术带头人培养资金项目 | |
| 330 | @a本书以马克思地租地价理论、西方经济学地租地价理论、城市土地区位理论和城市土地供需理论为基础,应用土地定级与基准地价评估的基本原理和数理统计方法,对城市土地定级和基准地价评估进行实证研究,提供了城市土地定级和基准地价评估的理论和操作方法。 | |
| 606 | 0 | @a城市土地@x土地评价@x研究 |
| 606 | 0 | @a城市土地 |
| 606 | 0 | @a土地评价 |
| 690 | @aF293.2@v4 | |
| 701 | 0 | @a李何超@9li he chao@4著 |
| 701 | 0 | @a曹正忠@9cao zheng zhong@4著 |
| 701 | 0 | @a朱健@9zhu jian@4著 |
| 801 | 0 | @aCN@bRENTIAN@c20091208 |
| 905 | @b20795148-52@dF293.2@e737@f5 | |
| 城市土地定级与基准地价评估实证研究/李何超,曹正忠,朱健等著.-北京:科学出版社,2009.05 |
| 138页:图,图版(32页);26cm |
| 四川省学术和技术带头人培养资金项目 |
| ISBN 978-7-03-024423-9:CNY45.00 |
| 本书以马克思地租地价理论、西方经济学地租地价理论、城市土地区位理论和城市土地供需理论为基础,应用土地定级与基准地价评估的基本原理和数理统计方法,对城市土地定级和基准地价评估进行实证研究,提供了城市土地定级和基准地价评估的理论和操作方法。 |
| ● |
| 相关链接 |
|
|
|
|
正题名:城市土地定级与基准地价评估实证研究
索取号:F293.2/737
 
预约/预借
| 序号 | 登录号 | 条形码 | 馆藏地/架位号 | 状态 | 备注 |
| 1 | 795148 | 207951484 | 第一样本阅览室/ [索取号:F293.2/737] | 在馆 | |
| 2 | 795149 | 207951493 | 第一借阅区/ [索取号:F293.2/737] | 在馆 | |
| 3 | 795150 | 207951509 | 第一借阅区/ [索取号:F293.2/737] | 在馆 | |
| 4 | 795151 | 207951518 | 第一借阅区/ [索取号:F293.2/737] | 在馆 | |
| 5 | 795152 | 207951527 | 密集书库-资源管理系/ [索取号:F293.2/737] | 在馆 |